Cities and regions of sustainable communities - new strategies (Record no. 105658)
[ view plain ]
| 000 -LEADER | |
|---|---|
| fixed length control field | 01588cam a2200253 4500 |
| 001 - CONTROL NUMBER | |
| control field | ##L134364 |
| 008 - FIXED-LENGTH DATA ELEMENTS--GENERAL INFORMATION | |
| fixed length control field | 060731n2006 000 0 eng u |
| 035 ## - SYSTEM CONTROL NUMBER | |
| System control number | (Sirsi) u134364 |
| 041 0# - LANGUAGE CODE | |
| Language code of text/sound track or separate title | eng |
| 050 04 - LIBRARY OF CONGRESS CALL NUMBER | |
| Classification number | 711.1 $2 18 |
| 100 1# - MAIN ENTRY--PERSONAL NAME | |
| Personal name | Cowans, Julie |
| 245 00 - TITLE STATEMENT | |
| Title | Cities and regions of sustainable communities - new strategies |
| 260 ## - PUBLICATION, DISTRIBUTION, ETC. | |
| Place of publication, distribution, etc. | London |
| Name of publisher, distributor, etc. | TCPA |
| Date of publication, distribution, etc. | 2006 |
| 490 #0 - SERIES STATEMENT | |
| Series statement | Town and Country Planning Tomorrow Series |
| Volume/sequential designation | Paper 4 July 2006 |
| 520 ## - SUMMARY, ETC. | |
| Summary, etc. | Summarises key themes emerging from innovative attempts to modernise strategic urban, housing and planning policies and practices. The paper is based on an anaylsis of the literature, dialogue with expert practitioners and academics and site visits to over 50 growth and regeneration schemes across North America, northern Europe and Australasia. Covers value as a new rationale for intervention, understanding subsidiarity, the use of data in decision-making, and the issue of social and economically mixed and balanced communities. Asserts that private and social housing is not mutually exclusive and underlines the importance of neighbourhood schools and also the public realm. Comments on risk, leadership, accountability and skills as wells as immigration, growth and local economies. References. |
| 590 ## - LOCAL NOTE (RLIN) | |
| Local note | IKA010806 |
| 651 #4 - SUBJECT ADDED ENTRY--GEOGRAPHIC NAME | |
| Geographic name | NORTH AMERICA |
| 651 #4 - SUBJECT ADDED ENTRY--GEOGRAPHIC NAME | |
| Geographic name | AUSTRALIA |
| 651 #4 - SUBJECT ADDED ENTRY--GEOGRAPHIC NAME | |
| Geographic name | NEW ZEALAND |
| 651 #4 - SUBJECT ADDED ENTRY--GEOGRAPHIC NAME | |
| Geographic name | NORTHERN EUROPE |
| 690 ## - LOCAL SUBJECT ADDED ENTRY--TOPICAL TERM (OCLC, RLIN) | |
| Topical term or geographic name as entry element | PROPERTY-RESIDENTIAL PROPERTY-RESIDENTIAL PROPERTY MARKET |
| 856 40 - ELECTRONIC LOCATION AND ACCESS | |
| Uniform Resource Identifier | <a href="https://www.tcpa.org.uk/news.asp">https://www.tcpa.org.uk/news.asp</a> |
| Public note | View the Paper free of charge at www.tcpa.org.uk... |
| 942 ## - ADDED ENTRY ELEMENTS (KOHA) | |
| Suppress in OPAC | 0 |
| Withdrawn status | Lost status | Source of classification or shelving scheme | Damaged status | Not for loan | Home library | Current library | Shelving location | Date acquired | Total Checkouts | Full call number | Barcode | Date last seen | Copy number | Price effective from | Koha item type |
|---|---|---|---|---|---|---|---|---|---|---|---|---|---|---|---|
| Dewey Decimal Classification | Virtual | Virtual | Online | 31/07/2006 | ONLINE PUBLICATION | 134364-2001 | 06/08/2019 | 1 | 06/08/2019 | Book |